| 000 | 00882cam a2200277 a 4500 | ||
|---|---|---|---|
| 999 |
_c2014 _d2014 |
||
| 001 | 2014 | ||
| 003 | BD-JhCC | ||
| 005 | 20171028172834.0 | ||
| 008 | 000720s2000 ctu b 001 0 eng | ||
| 020 | _a1565491211 (cloth : alk. paper) | ||
| 020 | _a1565491203 (pbk. : alk. paper) | ||
| 035 | _a(BD-JhCC)2014 | ||
| 040 |
_aDLC _cDLC _dDLC |
||
| 041 | _aeng | ||
| 050 | 0 | 0 |
_aHC60 _b.N4744 2000 |
| 082 | 0 | 0 |
_a338.9 _221 _bNEW 2000 |
| 245 | 0 | 0 |
_aNew roles and relevance : _bdevelopment NGOs and the challenge of change / _cDavid Lewis, Tina Wallace, editors. |
| 260 |
_aWest Hartford, CT: _bKumarian Press, _c2000. |
||
| 300 |
_axvii, 252 p. ; _c23 cm. |
||
| 504 | _aIncludes bibliographical references (p. [225]-240) and index. | ||
| 650 | 0 | _aNon-governmental organizations. | |
| 700 | 1 |
_aLewis, David, _d1960- |
|
| 700 | 1 | _aWallace, Tina. | |
| 942 |
_2ddc _cBK |
||